00533nam a22001577a 4500003000900000005001700009008004100026040002800067082002900095100001600124245007400140260005600214300001800270650003800288650004900326DO-SdBJH20180518204439.0180518b ||||| |||| 00| 0 spa d aDO-SdBJHbspacDO-SdBJH aRD 324.27293bA696g 1986 aArias, Luis aGobiernos del PRD y su política exterior :b1978-1986 /cLuis Arias aSanto Domingo :bEditora Universitaria-UASD; c1986 a130 páginas 4aPartido Revolucionario Dominicano 4aPartidos políticosxRepública Dominicana